000 00336nam a2200133Ia 4500
008 210210b1975 xxu||||| |||| 00| 0 eng d
082 _a301 RITS
100 _aRITZER (George).
245 _aSociology a multiple paradigm science.
260 _aBoston
_bAllyn & Bacon
_c1975
300 _avi,234
690 _aSociology
906 _a041020
999 _c91238
_d91238